000 00421nam a2200181Ia 4500
001 3158
005 20260306144900.0
008 260306t2000||||xx |||||||||||||| ||spa||
041 _aESP
082 _a261.561
_bL94
100 _aLozano Barragán, Javier
_eAUT
245 0 _aTeología y medicina
260 _c2000
300 _a318 páginas :
_c20 cm.
650 _aGEN
654 _aCHU
942 _cLIB
_dJUS
_fJUS
_2ddc
_n
999 _c3158
_d3158